| 000 | 01130nam a22002177a 4500 | ||
|---|---|---|---|
| 999 |
_c57293 _d57293 |
||
| 003 | Ge_BSU | ||
| 005 | 20200213120222.0 | ||
| 008 | 200213b1982 ge ||||| |||| 00| 0 geo d | ||
| 041 | _ageo | ||
| 080 | _a821.353.1 გ-85 | ||
| 100 |
_aგრიშაშვილი, იოსებ _96813 |
||
| 245 |
_aთხზულებანი 5 ტომად : _bტ. 2 : ლექსები 1922-1960, საბავშვო ლექსები და პოემები / _cიოსებ გრიშაშვილი ; რედ. : აკაკი ხინთიბიძე, ვახტანგ ჯავახაძე. |
||
| 264 |
_aთბილისი : _bსაბჭ. საქართველო, _c1982. |
||
| 300 |
_a346 გვ. ; _c20 სმ. |
||
| 653 | _aთხზულებანი | ||
| 653 | _aსაბავშვო ლექსები | ||
| 653 | _aპოემები | ||
| 700 |
_aხინთიბიძე, აკაკი _eრედაქტორი _97027 |
||
| 700 |
_aჯავახაძე, ვახტანგ _eრედაქტორი _97028 |
||
| 942 |
_2udc _cBK |
||